000 00600cam a2200217 4500
001 B2338
008 090401t1989 xxu||||| |||| 00| 0 eng d
035 _a(Sirsi) u49435
041 _aeng
050 _a333.0065
110 _aEconomic Development Briefing
_92461
245 4 _aThe chartered surveyors survey 1989 edition
260 _aLondon
_bEconomic Development Briefing
_c1989
300 _a83 leaves ; 30cm.
350 _a220
490 _aEconomic Development Briefing
_vVol. XIII
650 _aABOUT RICS-RICS MEMBERS
650 _aESTATE AGENTS
942 _n0
948 _c04/03/1997
999 _c92563
_d92563